Le meuble / (Record no. 48138)

MARC details
000 -LEADER
campo de control de longitud fija 00757nam a2200229 i 4500
001 - NÚMERO DE CONTROL
campo de control 48138
003 - IDENTIFICADOR DE NÚMERO DE CONTROL
campo de control ES-MaACL
005 - FECHA Y HORA DE LA ÚLTIMA TRANSACCIÓN
campo de control 20230906161712.0
007 - CAMPO FIJO DE DESCRIPCIÓN FÍSICA--INFORMACIÓN GENERAL
campo de control de longitud fija t|
008 - DATOS DE LONGITUD FIJA--INFORMACIÓN GENERAL
campo de control de longitud fija 950706s1885 fr a ||||1| fre d
040 ## - FUENTE DE CATALOGACIÓN
Centro catalogador/agencia de origen CAM
Lengua de catalogación spa
Centro/agencia transcriptor CAM
100 1# - ENTRADA PRINCIPAL--NOMBRE DE PERSONA
Nombre de persona Champeaux, Alfred de.
9 (RLIN) 37912
245 13 - MENCIÓN DEL TÍTULO
Título Le meuble /
Mención de responsabilidad, etc. par Alfred de Champeaux.
260 ## - PUBLICACIÓN, DISTRIBUCIÓN, ETC.
Lugar de publicación, distribución, etc. Paris :
Nombre del editor, distribuidor, etc. A. Quantin,
Fecha de publicación, distribución, etc. [1885]
300 ## - DESCRIPCIÓN FÍSICA
Extensión 2 v. :
Otras características físicas il. ;
Dimensiones 21 cm.
490 1# - MENCIÓN DE SERIE
Mención de serie Bibliothèque de l'enseignement des beaux-arts
505 8# - NOTA DE CONTENIDO CON FORMATO
Nota de contenido con formato Contiene: V. 1. Antiquité, Moyen Age et Renaissance -- v. 2. XVIIe, XVIIIe et XIX siècles
650 14 - PUNTO DE ACCESO ADICIONAL DE MATERIA--TÉRMINO DE MATERIA
Término de materia o nombre geográfico como elemento de entrada Muebles-
Subdivisión de forma Historia.
9 (RLIN) 15238
830 0# - PUNTO DE ACCESO ADICIONAL DE SERIE-TÍTULO UNIFORME
Título uniforme Bibliothèque de l'enseignement des beaux-arts
9 (RLIN) 181140
852 ## - LOCALIZACIÓN
Ubicación ES-MaACL
Número de control de estantería B-2535-36
Holdings
Estatus retirado Estado de pérdida Estado de daño No para préstamo Colección Biblioteca de origen Biblioteca actual Ubicación en estantería Fecha de adquisición Fuente de adquisición Total de préstamos Signatura topográfica completa Código de barras Visto por última vez Precio de reemplazo Tipo de ítem Koha
        Libros del s. XIX Biblioteca del Ateneo de Madrid Biblioteca del Ateneo de Madrid Sala Pardo Bazán 17/01/2008     B-2535-36 1050664 23/02/2023 23/02/2023 Libro impreso antiguo